Hỏi đáp về bệnh viêm loét dạ dày tá tràng

Nội dung bao gồm một số câu hỏi về nguyên nhân và cơ chế gây bệnh, triệu chứng và chuẩn đoán, điều trị viêm - loét DDTT, chế độ ăn - tập luyện đối với bệnh viêm - loét DDTT

Đã lưu trong:
書目詳細資料
主要作者: Phạm Thị Bình
格式: 圖書
語言:Vietnamese
出版: H. Y học 2009
主題:
標簽: 添加標簽
沒有標簽, 成為第一個標記此記錄!
Thư viện lưu trữ: Thư viện Trường Đại học Nam Cần Thơ
LEADER 01187nam a22002177a 4500
001 NCT_35194
008 180514b xxu||||| |||| 00| 0 vie d
999 |c 1697  |d 1697 
020 |c 15000 
082 0 4 |2 23rd ed.  |a 616.33  |b B312 
100 1 |a Phạm Thị Bình 
245 1 0 |a Hỏi đáp về bệnh viêm loét dạ dày tá tràng  |c Phạm Thị Bình 
260 |a H.  |b Y học  |c 2009 
300 |a 58 tr.  |b Minh họa  |c 19cm 
500 |a ĐTTS ghi: Bệnh viện Bạch Mai 
520 3 |a Nội dung bao gồm một số câu hỏi về nguyên nhân và cơ chế gây bệnh, triệu chứng và chuẩn đoán, điều trị viêm - loét DDTT, chế độ ăn - tập luyện đối với bệnh viêm - loét DDTT 
653 |a Y đa khoa 
942 |2 ddc  |c BK 
952 |0 0  |1 0  |2 ddc  |4 0  |6 616_330000000000000_B312  |7 0  |9 8124  |a 000001  |b 000001  |d 2018-05-14  |o 616.33 B312  |p MD.11863  |r 2018-05-14  |v 15000.00  |w 2018-05-14  |y BK 
952 |0 0  |1 0  |2 ddc  |4 0  |6 616_330000000000000_B312  |7 0  |9 8125  |a 000001  |b 000001  |d 2018-05-14  |o 616.33 B312  |p MD.11860  |r 2018-05-14  |v 15000.00  |w 2018-05-14  |y BK 
980 |a Thư viện Trường Đại học Nam Cần Thơ